000 00277nam a2200097Ia 4500
001 641886
005 20250826153516.0
008 250824s9999 xx 000 0 und d
245 0 _aKareli ve Küplü Şeylerin Serüveni
_cŞahin Koçak, Vakıf Cafer
260 _bTÜBİTAK YAYINLARI
999 _c641886
_d641886